ARRUPE JESUIT UNIVERSITY

CORONAVIRUS -STOP THE SPREAD - CLEAN,DISINFECT,COVER

Zimbabwe Pamphlet (5v) (Record no. 121509)

MARC details
000 -LEADER
fixed length control field 00316nam a22001217a 4500
008 - FIXED-LENGTH DATA ELEMENTS--GENERAL INFORMATION
fixed length control field 141215b xxu||||| |||| 00| 0 eng d
050 ## - LIBRARY OF CONGRESS CALL NUMBER
Classification number SPC DT 2889.Z5
110 ## - MAIN ENTRY--CORPORATE NAME
Corporate name or jurisdiction name as entry element Government of Rhodesia
9 (RLIN) 13427
245 ## - TITLE STATEMENT
Title Zimbabwe Pamphlet (5v)
260 ## - PUBLICATION, DISTRIBUTION, ETC. (IMPRINT)
Place of publication, distribution, etc Salisburu
Name of publisher, distributor, etc Government Printer
300 ## - PHYSICAL DESCRIPTION
Extent 5v
942 ## - ADDED ENTRY ELEMENTS (KOHA)
Source of classification or shelving scheme Library of Congress Classification
Item type SPC
Holdings
Withdrawn status Lost status Source of classification or shelving scheme Damaged status Not for loan Home library Current library Date acquired Total Checkouts Full call number Barcode Date last seen Copy number Price effective from Koha item type
    Library of Congress Classification     ARRUPE LIBRARY ARRUPE LIBRARY 15/12/2014   SPC DT 2889.Z5 V1 46500003514 15/12/2014 Vol. 1 15/12/2014 SPC
    Library of Congress Classification     ARRUPE LIBRARY ARRUPE LIBRARY 15/12/2014   SPC DT 2889.Z5 V2 46500003515 19/12/2014 Vol.2 15/12/2014 SPC
    Library of Congress Classification     ARRUPE LIBRARY ARRUPE LIBRARY 15/12/2014   SPC DT 2889.Z5 V4 46500003516 15/12/2014 Vol. 4 15/12/2014 SPC
    Library of Congress Classification     ARRUPE LIBRARY ARRUPE LIBRARY 15/12/2014   SPC DT 2889.Z5 V5 46500003517 15/12/2014 Vol.5 15/12/2014 SPC

 

Arrupe Library. PO Box MP320 Mt Pleasant, Harare, Zimbabwe
263 242 745411|librarian@aju.ac.zw